|
|
|
|
| LEADER |
00000nam0a2200000 4500 |
| 001 |
264954 |
| 005 |
20231101233858.0 |
| 035 |
|
|
|a (RuTPU)RU\TPU\book\287952
|
| 035 |
|
|
|a RU\TPU\book\129303
|
| 090 |
|
|
|a 264954
|
| 100 |
|
|
|a 20140623d1967 m y0rusy50 ca
|
| 101 |
0 |
|
|a rus
|
| 102 |
|
|
|a RU
|
| 105 |
|
|
|a a j 001zy
|
| 200 |
1 |
|
|a Избранные задачи и вопросы по сопротивлению материалов
|e учебник для втузов
|f В. И. Феодосьев
|
| 205 |
|
|
|a 3-е изд., испр. и доп.
|
| 210 |
|
|
|a Москва
|c Наука
|d 1967
|
| 215 |
|
|
|a 376 с.
|c ил.
|
| 320 |
|
|
|a Библиогр.: с. 400.
|
| 606 |
1 |
|
|a Сопротивление материалов
|x Математические методы
|2 stltpush
|3 (RuTPU)RU\TPU\subj\71875
|9 85576
|
| 610 |
1 |
|
|a задачи
|
| 610 |
1 |
|
|a вопросы
|
| 610 |
1 |
|
|a ответы
|
| 610 |
1 |
|
|a решение
|
| 610 |
1 |
|
|a учебные пособия
|
| 675 |
|
|
|a 539.3/.6(075)
|v 3
|
| 700 |
|
1 |
|a Феодосьев
|b В. И.
|g Всеволод Иванович
|
| 801 |
|
1 |
|a RU
|b 63413507
|c 20070706
|g PSBO
|
| 801 |
|
2 |
|a RU
|b 63413507
|c 20140714
|g RCR
|
| 942 |
|
|
|c BK
|